Socio-economic planning sciences <an> international journal

Gespeichert in:
Bibliographische Detailangaben
Format: Schriftenreihe
Sprache:Englisch
Veröffentlicht: New York Pergamon Press 1978
Tags: Tag hinzufügen
Keine Tags, Fügen Sie das erste Tag hinzu!

MARC

LEADER 00000nas2a2200000$$$4500
001 0020050
005 20250730114406.9
041 0 |a eng 
044 |a US 
245 1 0 |a Socio-economic planning sciences  |b <an> international journal 
264 1 |a New York  |b Pergamon Press  |c 1978 
300 |a 1. yv. 
773 0 |w eu_un_cat*0020047